[Event "36th Reykjavik op"]
[Site "Reykjavik ISL"]
[Date "2023.03.30"]
[Round "2.136"]
[White "Goh, Jinghan Cameron"]
[Black "Vander Zwalmen, Miranda"]
[WhiteElo "1899"]
[BlackElo "1625"]
[Result "1-0"]
[EventDate "2023.03.29"]
[PlyCount "59"]

1. e4 c5 2. Ne2 Nc6 3. Nbc3 Nf6 4. g3 d6 5. Bg2 e5 6. d3 Be7 7. f4 Bg4 8. h3 Bd7
9. f5 h5 10. Be3 Qb6 11. Qc1 O-O-O 12. Bg5 Nh7 13. Nd5 Qa5+ 14. Bd2 Qa6 15. O-O f6
16. a3 Rdg8 17. b4 Bd8 18. c4 b5 19. a4 Qb7 20. cxb5 Ne7 21. Nec3 Kb8 22. Nxe7 Bxe7
23. Nd5 Re8 24. bxc5 dxc5 25. Nxe7 Rxe7 26. Qxc5 Qb6 27. d4 Ree8 28. Rfc1 exd4 29.
Bf4+ Ka8 30. e5+  1-0

[Event "36th Reykjavik op"]
[Site "Reykjavik ISL"]
[Date "2023.03.30"]
[Round "2.137"]
[White "Texe, Eirik"]
[Black "Dasgupta, Avyukt"]
[WhiteElo "1592"]
[BlackElo "1896"]
[Result "0-1"]
[EventDate "2023.03.29"]
[PlyCount "64"]

1. e4 e6 2. d4 d5 3. Nc3 dxe4 4. Nxe4 Bd6 5. Nxd6+ cxd6 6. Qg4 g6 7. Bd3 Nc6 8. c3
f5 9. Qe2 Qe7 10. Nf3 h6 11. b3 e5 12. dxe5 dxe5 13. Bb5 e4 14. Nd4 Bd7 15. Qc4 Nxd4
16. Qxd4 Rh7 17. Bc4 Nf6 18. Bf4 Nh5 19. Bd6 Qf6 20. Be5 Qb6 21. Qd5 O-O-O 22. Bd4
Qc7 23. Bxa7 Nf4 24. Qc5 Qxc5 25. Bxc5 Nxg2+ 26. Kf1 Nh4 27. Bb6 Re8 28. Rd1 Bc6
29. Be6+ Kb8 30. Rd6 e3 31. Rxc6 e2+ 32. Ke1 bxc6  0-1

[Event "36th Reykjavik op"]
[Site "Reykjavik ISL"]
[Date "2023.03.30"]
[Round "2.138"]
[White "Dishman, Matthew"]
[Black "Heidarsson, Mikael Bjarki"]
[WhiteElo "1896"]
[BlackElo "1591"]
[Result "1-0"]
[EventDate "2023.03.29"]
[PlyCount "45"]

1. e4 c6 2. Nc3 d5 3. Nf3 dxe4 4. Nxe4 Nf6 5. Qe2 Nxe4 6. Qxe4 Nd7 7. Bc4 Nf6 8.
Ne5 e6 9. Qe2 Bd6 10. d4 O-O 11. Bg5 Qa5+ 12. Bd2 Qc7 13. O-O b6 14. f4 Bb7 15. f5
exf5 16. Rxf5 Bxe5 17. dxe5 Qd7 18. e6 Qd4+ 19. Be3 Qxb2 20. exf7+ Kh8 21. Raf1 Nd5
22. Bxd5 cxd5 23. Qg4  1-0

[Event "36th Reykjavik op"]
[Site "Reykjavik ISL"]
[Date "2023.03.30"]
[Round "2.139"]
[White "Yedid, Lior"]
[Black "Rempe, Jonas"]
[WhiteElo "1586"]
[BlackElo "1887"]
[Result "1/2-1/2"]
[EventDate "2023.03.29"]
[PlyCount "138"]

1. e4 e5 2. Nf3 Nc6 3. Nc3 Nf6 4. g3 d5 5. exd5 Nxd5 6. Bg2 Bg4 7. h3 Be6 8. O-O
Qd7 9. Ng5 Nxc3 10. dxc3 Qxd1 11. Rxd1 Bf5 12. Bd5 Bg6 13. Re1 Bd6 14. f4 h6 15.
Nf3 O-O-O 16. Bxc6 bxc6 17. Nxe5 Bxe5 18. fxe5 Rhe8 19. Bf4 Bxc2 20. h4 Bf5 21. Rad1
Rxd1 22. Rxd1 g5 23. hxg5 hxg5 24. Bxg5 Rxe5 25. Rd8+ Kb7 26. Bf4 Re1+ 27. Kf2 Ra1
28. a3 Ra2 29. Rd2 Kb6 30. Ke3 c5 31. c4 Ra1 32. Be5 Re1+ 33. Re2 Rc1 34. Bc3 Rg1
35. Be5 Bg4 36. Rc2 Re1+ 37. Kf4 f5 38. Bc3 Re4+ 39. Kg5 Re3 40. Kf4 Rf3+ 41. Ke5
Rxg3 42. b4 Re3+ 43. Kf6 Re4 44. Be5 f4 45. bxc5+ Kxc5 46. Bxc7 Kd4 47. Kg5 Kd3 48.
Rf2 f3 49. Bf4 Re2 50. Bg3 Re4 51. Bf4 Bh5 52. c5 Re2 53. Bg3 Rxf2 54. Bxf2 Be8 55.
c6 a5 56. c7 Bd7 57. Kf4 Ke2 58. Kg3 a4 59. Bc5 Bc8 60. Bf2 Bb7 61. Bc5 Kd3 62. c8=Q
Bxc8 63. Kxf3 Kc4 64. Bb4 Kb5 65. Ke3 Kb6 66. Kd4 Ka7 67. Kc4 Ka8 68. Kb5 Be6 69.
Kxa4 Bb3+  1/2-1/2

[Event "36th Reykjavik op"]
[Site "Reykjavik ISL"]
[Date "2023.03.30"]
[Round "2.140"]
[White "Kreutner, Maximilian"]
[Black "Beatty, Samuel"]
[WhiteElo "1860"]
[BlackElo "1571"]
[Result "1-0"]
[EventDate "2023.03.29"]
[PlyCount "91"]

1. e4 e6 2. d4 d5 3. Nd2 dxe4 4. Nxe4 Nd7 5. Bb5 c6 6. Bd3 Ngf6 7. Ne2 Nxe4 8. Bxe4
Nf6 9. Bf3 Be7 10. O-O O-O 11. c3 Re8 12. Ng3 Qc7 13. Re1 Bd7 14. Qc2 Rad8 15. Ne4
e5 16. dxe5 Qxe5 17. Nxf6+ Qxf6 18. Be3 c5 19. Bxb7 Bd6 20. g3 h5 21. h4 Bf5 22.
Qc1 Qg6 23. Bg2 Be4 24. Bg5 f6 25. Bxe4 Rxe4 26. Rxe4 Qxe4 27. Bf4 Qe2 28. Qd1 Qxb2
29. Qd5+ Kh7 30. Qxh5+ Kg8 31. Qd5+ Kh7 32. Re1 Qxc3 33. Qh5+ Kg8 34. Re8+ Rxe8 35.
Qxe8+ Kh7 36. Qh5+ Kg8 37. Qd5+ Kh7 38. Bxd6 c4 39. Bf4 Qa1+ 40. Kg2 Qxa2 41. h5
Qc2 42. h6 g5 43. Qf7+ Kxh6 44. Qxf6+ Qg6 45. Bxg5+ Kh5 46. g4+  1-0

[Event "36th Reykjavik op"]
[Site "Reykjavik ISL"]
[Date "2023.03.30"]
[Round "2.143"]
[White "Krumm, Arthur"]
[Black "Han, Oron"]
[WhiteElo "1843"]
[BlackElo "1496"]
[Result "1/2-1/2"]
[EventDate "2023.03.29"]
[PlyCount "100"]

1. d4 e6 2. e4 d5 3. Nc3 Bb4 4. e5 c5 5. a3 Bxc3+ 6. bxc3 Ne7 7. Nf3 b6 8. Bg5 Ba6
9. Bxa6 Nxa6 10. Qe2 Nb8 11. a4 Nbc6 12. Qb5 a6 13. Qxc6+ Nxc6 14. Bxd8 Rxd8 15.
Ke2 Ke7 16. Rhb1 Rb8 17. Rb2 Kd7 18. Rab1 Kc7 19. Ke3 f6 20. exf6 gxf6 21. Re1 Rhg8
22. g3 Rbe8 23. Reb1 Na5 24. Nd2 Rb8 25. f4 Rge8 26. Rf1 Re7 27. Rfb1 Nc6 28. Nf3
c4 29. Kf2 e5 30. fxe5 fxe5 31. Re1 e4 32. Ng5 Rf8+ 33. Ke2 Nb8 34. Rbb1 h6 35. Nh3
Nd7 36. Nf4 Rf5 37. Rf1 Kd6 38. Rf2 Ref7 39. Ke3 Kc6 40. Rbf1 Kd6 41. Rb1 h5 42.
Rbf1 h4 43. g4 R5f6 44. h3 Rf8 45. Rb1 Kc6 46. Ra1 Kd6 47. Rb1 Kc6 48. Rbf1 Kd6 49.
Rg1 Rg8 50. Rb1 Rgf8  1/2-1/2

[Event "36th Reykjavik op"]
[Site "Reykjavik ISL"]
[Date "2023.03.30"]
[Round "2.144"]
[White "Westerlind, Sture"]
[Black "Ostensson, Julia"]
[WhiteElo "1568"]
[BlackElo "1822"]
[Result "0-1"]
[EventDate "2023.03.29"]
[PlyCount "40"]

1. d4 d6 2. Nf3 Nf6 3. Bf4 g6 4. h3 Bg7 5. c3 O-O 6. e3 c5 7. Nbd2 a6 8. a4 Nc6 9.
dxc5 dxc5 10. Nc4 Nd5 11. Be5 Nxe5 12. Ncxe5 Be6 13. Qc2 Qc7 14. Nd3 Bf5 15. Qc1
Rfd8 16. Nf4 Nxf4 17. exf4 Bh6 18. g3 e5 19. Nh4 exf4 20. Nxf5 Qe5+  0-1

[Event "36th Reykjavik op"]
[Site "Reykjavik ISL"]
[Date "2023.03.30"]
[Round "2.145"]
[White "Kasims, Stefans"]
[Black "Surace, Christopher"]
[WhiteElo "1753"]
[BlackElo "1413"]
[Result "1-0"]
[EventDate "2023.03.29"]
[PlyCount "37"]

1. e4 c6 2. d4 d5 3. f3 e6 4. Nc3 Bb4 5. a3 Bxc3+ 6. bxc3 dxe4 7. Nh3 exf3 8. Qxf3
Qf6 9. Qg3 h6 10. Bd3 Ne7 11. Bf4 Nd7 12. O-O Nf5 13. Bxf5 exf5 14. Bd6 Nf8 15. Rae1+
Be6 16. Be5 Qg6 17. Qxg6 fxg6 18. Bxg7 Rg8 19. Bxf8  1-0

[Event "36th Reykjavik op"]
[Site "Reykjavik ISL"]
[Date "2023.03.30"]
[Round "2.146"]
[White "Shirov-Michna, Masza"]
[Black "Horan, George"]
[WhiteElo "1349"]
[BlackElo "1729"]
[Result "0-1"]
[EventDate "2023.03.29"]
[PlyCount "82"]

1. d4 Nf6 2. Bf4 c5 3. c3 Qb6 4. b3 d5 5. e3 Bf5 6. Nd2 e6 7. Ngf3 Nc6 8. Be2 cxd4
9. exd4 Ba3 10. O-O Bb2 11. Bd6 Bxa1 12. Qxa1 Nxd4 13. Nxd4 Qxd6 14. Nxf5 exf5 15.
Bb5+ Kf8 16. Re1 a6 17. Bd3 Ne4 18. Re2 Qf6 19. Qb2 Qxc3 20. Qa3+ Qc5 21. Qxc5+ Nxc5
22. Bxf5 g6 23. Bg4 f5 24. Bf3 Ne4 25. h3 Rc8 26. Kh2 Rc2 27. Nxe4 Rxe2 28. Bxe2
dxe4 29. Bc4 b5 30. Bd5 b4 31. g4 Ke7 32. Kg3 Kf6 33. Kf4 g5+ 34. Ke3 Ke5 35. Bc4
f4+ 36. Ke2 a5 37. Bb5 Rc8 38. Bc4 Rxc4 39. bxc4 Kd4 40. f3 e3 41. c5 Kxc5  0-1

[Event "36th Reykjavik op"]
[Site "Reykjavik ISL"]
[Date "2023.03.30"]
[Round "2.154"]
[White "Cuvelier, Annelies"]
[Black "Endeberg, Ivar"]
[WhiteElo "1875"]
[BlackElo "1302"]
[Result "1-0"]
[EventDate "2023.03.29"]
[PlyCount "75"]

1. e4 d5 2. exd5 Nf6 3. Nf3 Bg4 4. c4 g6 5. d4 Bg7 6. Be2 O-O 7. Nc3 c6 8. dxc6 Nxc6
9. d5 Bxf3 10. Bxf3 Ne5 11. Be2 Rc8 12. Qb3 Qc7 13. Bf4 Ne8 14. O-O Nd6 15. Nb5 Nxb5
16. Qxb5 Nf3+ 17. Bxf3 Qxf4 18. Rac1 Rc7 19. Rfe1 Rfc8 20. b3 a6 21. Qb6 Bd4 22.
Qb4 b5 23. Rcd1 Bc5 24. Qc3 bxc4 25. Re4 Qd6 26. Rxc4 Qb6 27. Qe1 a5 28. Qe2 Rd8
29. g3 Rcd7 30. Rdc1 Rc7 31. Kg2 Rdc8 32. Qc2 Bd6 33. Rc6 Rxc6 34. dxc6 f5 35. Bd5+
Kf8 36. Be6 Rc7 37. Qb2 Ba3 38. Qh8#  1-0

[Event "36th Reykjavik op"]
[Site "Reykjavik ISL"]
[Date "2023.03.30"]
[Round "2.155"]
[White "Gudmundsson, Solvi"]
[Black "Harnett, Robert J"]
[WhiteElo "1283"]
[BlackElo "1861"]
[Result "0-1"]
[EventDate "2023.03.29"]
[PlyCount "76"]

1. d4 Nf6 2. Bf4 c5 3. e3 g6 4. Be2 Bg7 5. c3 cxd4 6. exd4 d5 7. Nd2 Nc6 8. h3 a6
9. Ngf3 O-O 10. O-O b5 11. Ne5 Nxe5 12. Bxe5 Nd7 13. Bxg7 Kxg7 14. a4 Rb8 15. axb5
axb5 16. b4 Qc7 17. Qb3 Nf6 18. Ra5 Bd7 19. Rfa1 Rfc8 20. R1a3 Qf4 21. Qb2 h5 22.
Nf3 Ne4 23. Bd3 Bxh3 24. Ne5 Bf5 25. Bxb5 Rxb5 26. Rxb5 Nxf2 27. Rba5 Ne4 28. c4
Nd2 29. Qa1 Nxc4 30. Rf3 Qe4 31. Nxc4 Rxc4 32. b5 Rb4 33. Rf1 Qe3+ 34. Kh1 Be4 35.
Ra3 Qe2 36. Rg1 Qf2 37. b6 Qh4+ 38. Rh3 Qxh3#  0-1

[Event "36th Reykjavik op"]
[Site "Reykjavik ISL"]
[Date "2023.03.30"]
[Round "2.156"]
[White "Karlsson, Sighvatur"]
[Black "Notkin, Akiva"]
[WhiteElo "1270"]
[BlackElo "1846"]
[Result "0-1"]
[EventDate "2023.03.29"]
[PlyCount "78"]

1. e4 e5 2. Nf3 Nc6 3. Bb5 a6 4. Ba4 Nf6 5. Nc3 d6 6. h3 b5 7. Bb3 Na5 8. Bd5 Nxd5
9. Nxd5 Bb7 10. d3 h6 11. Bd2 Nc6 12. c3 Ne7 13. Nxe7 Bxe7 14. O-O O-O 15. Re1 f5
16. Qb3+ Kh7 17. Nh2 Bh4 18. Re2 Qd7 19. Nf3 Be7 20. Qc2 f4 21. d4 Qe6 22. d5 Qg6
23. Kh2 Bxd5 24. Rae1 Bc4 25. Bc1 Bxe2 26. Qxe2 Qh5 27. Qd3 g5 28. Ng1 g4 29. Rf1
f3 30. g3 Bg5 31. Bxg5 hxg5 32. Qd5 Rae8 33. Qc6 Re7 34. Qxa6 Qe8 35. hxg4 Rh8 36.
Nxf3 Kg6+ 37. Kg2 Qf8 38. Qxb5 Qh6 39. Nxe5+ Rxe5  0-1

[Event "36th Reykjavik op"]
[Site "Reykjavik ISL"]
[Date "2023.03.30"]
[Round "2.157"]
[White "Samuel, Victor"]
[Black "Haugen, Lars Tormod"]
[WhiteElo "1269"]
[BlackElo "1837"]
[Result "0-1"]
[EventDate "2023.03.29"]
[PlyCount "64"]

1. g3 c5 2. Bg2 Nc6 3. b3 d6 4. Bb2 e5 5. d3 g6 6. Nd2 Bg7 7. e3 Nge7 8. Ne2 O-O
9. O-O Be6 10. f4 Qd7 11. fxe5 dxe5 12. e4 b5 13. a4 a6 14. axb5 axb5 15. Nf3 f6
16. Qd2 Rfd8 17. Rxa8 Rxa8 18. Ra1 Rxa1+ 19. Bxa1 c4 20. bxc4 Qa7+ 21. Bd4 Nxd4 22.
Nfxd4 bxc4 23. h4 Nc6 24. Kh2 Nxd4 25. dxc4 Bxc4 26. Nxd4 Qxd4 27. Qxd4 exd4 28.
Bf3 Kf7 29. g4 Ke6 30. Kg3 Ke5 31. g5 Ba2 32. gxf6 Bxf6  0-1

[Event "36th Reykjavik op"]
[Site "Reykjavik ISL"]
[Date "2023.03.30"]
[Round "2.158"]
[White "Jonsson, Olafur Gisli"]
[Black "Hedman, Viktor Mattias Laroy"]
[WhiteElo "1817"]
[BlackElo "1257"]
[Result "1-0"]
[EventDate "2023.03.29"]
[PlyCount "71"]

1. d4 Nf6 2. Nf3 e6 3. c4 d5 4. Nc3 dxc4 5. e4 a6 6. Bxc4 b5 7. Bd3 Nc6 8. O-O Nxd4
9. Nxd4 c5 10. Nf3 Be7 11. Qe2 c4 12. Bc2 O-O 13. Bg5 Bb7 14. Rad1 Qc7 15. Rfe1 h6
16. Bh4 Qc5 17. e5 Nd5 18. Qe4 Nf6 19. Qf4 Nh5 20. Bxe7 Qxe7 21. Qg4 g6 22. Ne4 Kh7
23. Nd6 Bd5 24. Qxh5 f5 25. exf6 Rxf6 26. Qxd5 exd5 27. Rxe7+ Kg8 28. Nb7 Ra7 29.
Rxd5 Kf8 30. Rdd7 a5 31. Ne5 a4 32. Nxg6+ Rxg6 33. Bxg6 Ra8 34. Be4 b4 35. Rh7 Kg8
36. Bd5+  1-0

[Event "36th Reykjavik op"]
[Site "Reykjavik ISL"]
[Date "2023.03.30"]
[Round "2.159"]
[White "Brynjarsson, Oervar Holm"]
[Black "Cooper, Malcolm H"]
[WhiteElo "1262"]
[BlackElo "1763"]
[Result "1-0"]
[EventDate "2023.03.29"]
[PlyCount "55"]

1. e4 c5 2. c3 Nf6 3. e5 Nd5 4. d4 d6 5. Bc4 Nb6 6. Nf3 Nxc4 7. Qa4+ Bd7 8. Qxc4
cxd4 9. cxd4 e6 10. Nc3 Nc6 11. O-O Rc8 12. Qe2 Be7 13. d5 Na5 14. Bf4 Nc4 15. Rad1
Qb6 16. Ne4 Nxe5 17. Nxd6+ Bxd6 18. Bxe5 Bb5 19. Qe4 Bxf1 20. dxe6 O-O 21. Bxd6 Bc4
22. Bxf8 Kxf8 23. e7+ Ke8 24. Rd8+ Rxd8 25. exd8=Q+ Kxd8 26. Qxc4 Qxb2 27. Qd4+ Qxd4
28. Nxd4  1-0

[Event "36th Reykjavik op"]
[Site "Reykjavik ISL"]
[Date "2023.03.30"]
[Round "2.160"]
[White "de Winter, Eric"]
[Black "Lokeswara, Rao"]
[WhiteElo "1687"]
[BlackElo "1218"]
[Result "1/2-1/2"]
[EventDate "2023.03.29"]
[PlyCount "64"]

1. Nf3 Nf6 2. c4 e6 3. Nc3 c6 4. e4 d6 5. d4 Be7 6. Be2 O-O 7. O-O b6 8. Qc2 h6 9.
Rd1 Qc7 10. Bf4 Nh5 11. Bg3 Nxg3 12. hxg3 Bf6 13. Rac1 Bb7 14. Nh2 Nd7 15. Ng4 Bg5
16. f4 Be7 17. Bf3 c5 18. Nb5 Qb8 19. dxc5 Nxc5 20. b4 Na6 21. a3 Rd8 22. Qe2 Nc7
23. Nc3 Ne8 24. f5 Bg5 25. Rc2 Qc8 26. fxe6 Qxe6 27. Nb5 a6 28. Nd4 Qd7 29. Nf5 Qa4
30. Rd3 Rac8 31. Nge3 g6 32. Nd4 Nf6  1/2-1/2

[Event "36th Reykjavik op"]
[Site "Reykjavik ISL"]
[Date "2023.03.30"]
[Round "2.161"]
[White "Hagen, Andreas Skytte"]
[Black "Kaergaard, Sissel"]
[WhiteElo "1244"]
[BlackElo "1665"]
[Result "0-1"]
[EventDate "2023.03.29"]
[PlyCount "70"]

1. d4 d5 2. Bf4 Nf6 3. e3 e6 4. Nd2 Bd6 5. Bg3 O-O 6. Bd3 Nbd7 7. Ngf3 Re8 8. Ne5
Qe7 9. f4 c5 10. c3 Nf8 11. Ndf3 Ng6 12. h4 cxd4 13. exd4 Nh5 14. Bh2 Nhxf4 15. Bxf4
Nxf4 16. g3 Nxd3+ 17. Qxd3 f6 18. O-O-O fxe5 19. dxe5 Bc5 20. Ng5 g6 21. Rhf1 Rf8
22. Rxf8+ Qxf8 23. Rf1 Be3+ 24. Kc2 Qc5 25. Rf7 Bxg5 26. Qf3 Bh6 27. Qf6 Qb5 28.
Re7 Qe2+ 29. Kb3 Qc4+ 30. Ka3 Qc5+ 31. Kb3 Qb5+ 32. Kc2 Qe2+ 33. Kb3 Qb5+ 34. Kc2
Qa4+ 35. Kd3 Qe4#  0-1

[Event "36th Reykjavik op"]
[Site "Reykjavik ISL"]
[Date "2023.03.30"]
[Round "2.162"]
[White "Rusten, Daniel Garatun"]
[Black "Gudnyjarson, Sigurdur Pall"]
[WhiteElo "1169"]
[BlackElo "1664"]
[Result "0-1"]
[EventDate "2023.03.29"]
[PlyCount "72"]

1. e4 c6 2. d4 d5 3. Nc3 dxe4 4. Nxe4 Nf6 5. Nxf6+ exf6 6. Nf3 Bd6 7. Bd3 O-O 8.
O-O Bg4 9. h3 Bh5 10. Re1 Bc7 11. Qe2 Bxf3 12. Qxf3 Qxd4 13. Qf5 g6 14. Qf3 Nd7 15.
Rb1 Qd6 16. Be3 Ne5 17. Qg3 Nxd3 18. Qxd6 Bxd6 19. cxd3 a6 20. Bd4 Kg7 21. Re3 Rfe8
22. Rbe1 Rxe3 23. Rxe3 c5 24. Bc3 b5 25. b3 Rd8 26. Kf1 Bf4 27. Re7 Rxd3 28. Ba5
Rd1+ 29. Ke2 Ra1 30. Kf3 Be5 31. Bb6 c4 32. bxc4 bxc4 33. Ke2 Rxa2+ 34. Kd1 c3 35.
Be3 c2+ 36. Kc1 Bd6  0-1

[Event "36th Reykjavik op"]
[Site "Reykjavik ISL"]
[Date "2023.03.30"]
[Round "2.163"]
[White "Jonsson, Tristan Fannar"]
[Black "Ingvarsson, Unnar"]
[WhiteElo "1164"]
[BlackElo "1661"]
[Result "0-1"]
[EventDate "2023.03.29"]
[PlyCount "90"]

1. e4 e5 2. Nf3 Nc6 3. d4 exd4 4. Bc4 Be7 5. c3 d6 6. Nxd4 Nf6 7. f3 O-O 8. Be3 Re8
9. O-O h6 10. Nd2 Bf8 11. Nxc6 bxc6 12. Re1 d5 13. Bb3 Bb7 14. Qc2 a5 15. a4 Qd7
16. Rad1 Rad8 17. Bd4 Nh7 18. e5 c5 19. Bf2 Be7 20. Ba2 Nf8 21. Ne4 Qc6 22. Qb3 c4
23. Qb5 Qxb5 24. axb5 dxe4 25. fxe4 Rxd1 26. Rxd1 Rd8 27. Rxd8 Bxd8 28. Bxc4 Bxe4
29. Bg3 Ne6 30. Bxe6 fxe6 31. Kf2 Bd3 32. Ke3 Bxb5 33. b3 Bf1 34. Kf2 Bd3 35. Ke3
Bc2 36. b4 a4 37. Kd2 Be4 38. Kc1 a3 39. c4 Bg5+ 40. Kd1 a2 41. Ke2 a1=Q 42. Bf4
Bxf4 43. g4 Qb2+ 44. Kf1 Be3 45. Ke1 Qd2+  0-1

[Event "36th Reykjavik op"]
[Site "Reykjavik ISL"]
[Date "2023.03.30"]
[Round "2.164"]
[White "Andersson, Christer"]
[Black "Olafsson, Olafur"]
[WhiteElo "1659"]
[BlackElo "1130"]
[Result "1-0"]
[EventDate "2023.03.29"]
[PlyCount "49"]

1. d4 Nf6 2. Bf4 g6 3. c3 Bg7 4. Nd2 O-O 5. Ngf3 d6 6. h3 Nbd7 7. e4 Nh5 8. Bh2 f5
9. Bc4+ Kh8 10. Ng5 Nb6 11. Nf7+ Rxf7 12. Bxf7 fxe4 13. Bb3 Nf6 14. Qe2 d5 15. O-O
e6 16. f3 exf3 17. Rxf3 Qe7 18. Raf1 c5 19. Rxf6 Bxf6 20. Rxf6 Bd7 21. Qf2 Kg8 22.
dxc5 Nc4 23. Bxc4 dxc4 24. Bd6 Qg7 25. Nxc4  1-0

[Event "36th Reykjavik op"]
[Site "Reykjavik ISL"]
[Date "2023.03.30"]
[Round "2.165"]
[White "Morris, Simon"]
[Black "Jonsdottir, Katrin Maria"]
[WhiteElo "1648"]
[BlackElo "1071"]
[Result "1/2-1/2"]
[EventDate "2023.03.29"]
[PlyCount "71"]

1. e4 d5 2. exd5 Qxd5 3. Nc3 Qd6 4. d4 c6 5. Nf3 Bg4 6. Be2 Nf6 7. O-O Nbd7 8. Be3
e6 9. Re1 Be7 10. h3 Bh5 11. Nd2 Bxe2 12. Qxe2 O-O 13. Nce4 Qc7 14. c4 Bb4 15. Red1
Bxd2 16. Nxd2 c5 17. Nf3 cxd4 18. Nxd4 a6 19. Rac1 Rac8 20. b3 Rfd8 21. Nf3 Qa5 22.
Bd4 b5 23. cxb5 Qxb5 24. Qxb5 axb5 25. Bxf6 Nxf6 26. Rxd8+ Rxd8 27. Rc7 h6 28. Rb7
Rd1+ 29. Kh2 Ra1 30. Rxb5 Rxa2 31. Ne5 Rxf2 32. Kg1 Ne4 33. b4 Rf5 34. Rb8+ Kh7 35.
Nf3 Nc3 36. Rb7  1/2-1/2

[Event "36th Reykjavik op"]
[Site "Reykjavik ISL"]
[Date "2023.03.30"]
[Round "2.166"]
[White "Rempe, Lennik"]
[Black "Qiu, Andrew Yu"]
[WhiteElo "1154"]
[BlackElo "1646"]
[Result "0-1"]
[EventDate "2023.03.29"]
[PlyCount "56"]

1. e4 c5 2. Nf3 d6 3. d4 cxd4 4. c3 dxc3 5. Nxc3 Nc6 6. Bc4 Nf6 7. Nd4 g6 8. Nxc6
bxc6 9. e5 Ng4 10. Bf4 Qb6 11. O-O dxe5 12. h3 exf4 13. hxg4 Bg7 14. Qf3 O-O 15.
Na4 Qc7 16. Nc5 Bxb2 17. Rab1 Bd4 18. Ne4 Kg7 19. Ng5 h6 20. Qe4 Bf6 21. Bxf7 Rxf7
22. Nxf7 Kxf7 23. Rbc1 Bb7 24. Qc4+ Kg7 25. Rfe1 Rd8 26. Re4 g5 27. Qe6 c5 28. Rce1
Bxe4  0-1

[Event "36th Reykjavik op"]
[Site "Reykjavik ISL"]
[Date "2023.03.30"]
[Round "2.167"]
[White "Abmayr, Annika"]
[Black "Stuart, Brian"]
[WhiteElo "1054"]
[BlackElo "1642"]
[Result "1/2-1/2"]
[EventDate "2023.03.29"]
[PlyCount "45"]

1. e4 c5 2. d4 cxd4 3. Qxd4 Nc6 4. Qd3 Nf6 5. Nc3 d6 6. Nf3 g6 7. a3 Bg7 8. Be2 O-O
9. Rb1 Nd7 10. Be3 Nde5 11. Nxe5 Nxe5 12. Qd2 Be6 13. O-O Bc4 14. Rfe1 Bxe2 15. Qxe2
Nc6 16. Bd2 Nd4 17. Qd3 Rc8 18. Ne2 Ne6 19. Bc3 Qc7 20. Bxg7 Kxg7 21. Qc3+ Kg8 22.
Qxc7 Rxc7 23. Nc3  1/2-1/2

[Event "36th Reykjavik op"]
[Site "Reykjavik ISL"]
[Date "2023.03.30"]
[Round "2.168"]
[White "Eriksen, Leander"]
[Black "Asgeirsson, Adalsteinn Egill"]
[WhiteElo "1637"]
[BlackElo "1052"]
[Result "1-0"]
[EventDate "2023.03.29"]
[PlyCount "49"]

1. e4 e5 2. Nf3 Nc6 3. d4 exd4 4. Nxd4 Nxd4 5. Qxd4 b6 6. Bc4 Bb7 7. O-O Nf6 8. Re1
Bc5 9. Qe5+ Kf8 10. Be3 Bd6 11. Qd4 Bxe4 12. Bg5 Bg6 13. Nc3 Bc5 14. Qf4 d5 15. Bxf6
gxf6 16. Nxd5 Kg7 17. Rad1 Bxc2 18. Ne3 Bxe3 19. Qg3+ Bg5 20. Rxd8 Raxd8 21. h4 Rd4
22. Qxc7 Rxh4 23. g3 Rd4 24. f4 Bh6 25. Qxf7#  1-0

[Event "36th Reykjavik op"]
[Site "Reykjavik ISL"]
[Date "2023.03.30"]
[Round "3.2"]
[White "Yilmaz, Mustafa"]
[Black "Loiseau, Quentin"]
[WhiteElo "2629"]
[BlackElo "2449"]
[Result "1-0"]
[EventDate "2023.03.29"]
[PlyCount "49"]

1. d4 Nf6 2. c4 g6 3. Nc3 Bg7 4. e4 d6 5. Nf3 O-O 6. Be2 e5 7. O-O exd4 8. Nxd4 Re8
9. f3 c6 10. Bg5 h6 11. Bh4 a6 12. Kh1 d5 13. cxd5 g5 14. Bf2 cxd5 15. Qb3 dxe4 16.
Bc4 Re7 17. Rad1 Qe8 18. fxe4 Nc6 19. Nxc6 bxc6 20. e5 Rb7 21. Bb6 Ng4 22. Rxf7 Rxf7
23. Rd8 Qxd8 24. Bxf7+ Kh8 25. Bxd8  1-0

[Event "36th Reykjavik op"]
[Site "Reykjavik ISL"]
[Date "2023.03.30"]
[Round "3.3"]
[White "Rakotomaharo, Fy Antenaina"]
[Black "Gupta, Abhijeet"]
[WhiteElo "2448"]
[BlackElo "2620"]
[Result "0-1"]
[EventDate "2023.03.29"]
[PlyCount "56"]

1. e4 c5 2. Nf3 d6 3. d4 cxd4 4. Nxd4 Nf6 5. Nc3 Nc6 6. Bg5 e6 7. Qd2 a6 8. O-O-O
Bd7 9. Kb1 Be7 10. Nxc6 Bxc6 11. f3 Qc7 12. Re1 O-O 13. g4 Rfd8 14. Bd3 b5 15. h4
b4 16. Ne2 a5 17. Nd4 a4 18. Nxc6 Qxc6 19. b3 Qb7 20. Be3 axb3 21. cxb3 d5 22. e5
Ne4 23. fxe4 dxe4 24. Qg2 Rxd3 25. Bg5 Bc5 26. Bc1 Qa6 27. Re2 e3 28. Rh3 Bd4  0-1

[Event "36th Reykjavik op"]
[Site "Reykjavik ISL"]
[Date "2023.03.30"]
[Round "3.4"]
[White "Banusz, Tamas"]
[Black "Sukandar, Irine Kharisma"]
[WhiteElo "2616"]
[BlackElo "2389"]
[Result "1-0"]
[EventDate "2023.03.29"]
[PlyCount "91"]

1. Nf3 Nf6 2. g3 d5 3. Bg2 e6 4. O-O Be7 5. c4 O-O 6. b3 c5 7. cxd5 Nxd5 8. Bb2 Nc6
9. d4 cxd4 10. Nxd4 Bf6 11. Nxc6 bxc6 12. Bxf6 Qxf6 13. Nd2 Ba6 14. Ne4 Qb2 15. Re1
Nb4 16. Nc5 Rad8 17. Qc1 Qxc1 18. Raxc1 Bc8 19. a3 Nd5 20. b4 Rfe8 21. Nb3 Bd7 22.
Na5 Rc8 23. Rc5 g6 24. Rec1 Ne7 25. Bxc6 Nxc6 26. Nxc6 Bxc6 27. Rxc6 Rxc6 28. Rxc6
Re7 29. b5 Rd7 30. a4 Kg7 31. f4 h5 32. Kf2 Kf6 33. Kf3 Ke7 34. e4 Kd8 35. e5 Rd4
36. Rd6+ Rxd6 37. exd6 Kd7 38. Ke4 Kxd6 39. Kd4 f6 40. a5 Kc7 41. Kc5 Kd7 42. b6
a6 43. h3 g5 44. fxg5 fxg5 45. Kd4 Kd6 46. Ke4  1-0

[Event "36th Reykjavik op"]
[Site "Reykjavik ISL"]
[Date "2023.03.30"]
[Round "3.5"]
[White "Dhulipalla, Bala Chandra Prasad"]
[Black "Lagarde, Maxime"]
[WhiteElo "2441"]
[BlackElo "2581"]
[Result "1/2-1/2"]
[EventDate "2023.03.29"]
[PlyCount "77"]

1. d4 Nf6 2. c4 g6 3. g3 Bg7 4. Bg2 d5 5. cxd5 Nxd5 6. Nf3 Nb6 7. O-O Nc6 8. e3 O-O
9. Nc3 a5 10. Re1 a4 11. Qe2 e5 12. Nxe5 Nxe5 13. dxe5 Bxe5 14. Bd2 Be6 15. Rad1
Qc8 16. Qb5 Bg7 17. Qb4 Nc4 18. Nd5 Bxd5 19. Bxd5 Nxb2 20. Bxb7 Qf5 21. e4 Qd7 22.
Bxa8 Rxa8 23. Rc1 Nd3 24. Qb7 Rc8 25. Be3 Nxe1 26. Rxe1 h5 27. h4 Qe6 28. Rc1 c5
29. Qd5 c4 30. Qxe6 fxe6 31. Kf1 Bb2 32. Rc2 a3 33. Ke2 e5 34. Bc1 c3 35. Bd2 Kf7
36. Be1 Ke6 37. Kd3 Rd8+ 38. Ke2 Rc8 39. Kd3  1/2-1/2

[Event "36th Reykjavik op"]
[Site "Reykjavik ISL"]
[Date "2023.03.30"]
[Round "3.6"]
[White "Livaic, Leon"]
[Black "Ajay Krishna, S"]
[WhiteElo "2569"]
[BlackElo "2382"]
[Result "1-0"]
[EventDate "2023.03.29"]
[PlyCount "99"]

1. e4 c5 2. Nf3 d6 3. d4 cxd4 4. Qxd4 Nc6 5. Bb5 Bd7 6. Bxc6 Bxc6 7. Nc3 Nf6 8. Bg5
e6 9. O-O-O Be7 10. Qd3 Qa5 11. Bh4 Qh5 12. h3 O-O 13. Rhe1 Rfe8 14. g4 Qc5 15. Qe3
Qxe3+ 16. Rxe3 Rad8 17. Ree1 a6 18. Nd4 Rc8 19. Nxc6 Rxc6 20. Bg3 b5 21. a3 Nd7 22.
Ne2 e5 23. Nc3 Rec8 24. Nd5 Rxc2+ 25. Kb1 Bf8 26. Nb4 R2c4 27. Nxa6 Nc5 28. Nxc5
R4xc5 29. Re3 f6 30. Rb3 Rc4 31. f3 b4 32. Rxb4 Rxb4 33. axb4 Rb8 34. Be1 Kf7 35.
Kc2 Ke6 36. Kb3 Kd7 37. Ra1 Be7 38. Ra7+ Ke6 39. Ka4 g6 40. b5 Bd8 41. Ba5 h5 42.
Bxd8 Rxd8 43. b6 hxg4 44. hxg4 d5 45. exd5+ Kxd5 46. Kb5 Kd6 47. Rg7 Rd7 48. Rxd7+
Kxd7 49. Ka6 Kc8 50. Ka7  1-0